00972nam a2200229 i 4500001000300000100003100003245013400034260003600168300005400204490008100258500002500339504001400364650003000378650005800408830007200466020001500538040000800553041001600561080002600577008004100603856009800644bg1 aBIELEC-BĄKOWSKA, Zuzanna10aZróżnicowanie przestrzenne i zmienność wieloletnia występowania burz w Polsce (1949-1998) /cZuzanna Bielec-Bąkowska. aKatowice :bWydaw. UŚ,c2002. a159, [1] s. :bil., mapy (w tym kolor.) ;c24 cm.1 aPrace Naukowe Uniwersytetu Śląskiego w Katowicach,x0208-6336 ;vnr 2059 aStreszcz. ang. niem. aBibliogr. 9aBurzazPolskayod 1944 r. 9aCyrkulacja atmosferycznaxa burzazPolskayod 1944 r. aPrace Naukowe Uniwersytetu Śląskiego w Katowicach,x0208-6336 ; a8322611587 cBPK0 apolbengger a551.59(438)"1944/..." s pl f |000 0 pol  uhttp://koha.tu.koszalin.pl/cgi-bin/koha/opac-detail.pl?biblionumber=45171yKatalog online BPK